Представление документа в формате RUSMARC

ПолеНазваниеЗначение
  Тип записи a
  Библиографический уровень m
001 Контрольный номер RU/IS/BASE/362574733
005 Дата корректировки 20201206204808.5
010 Индекс ISBN __
a ISBN 978-5-386-02102-3
d Цена 194-92
100 Данные общей обработки __
a Данные общей обработки 19040831d2004 |||y0rusy0189 ca
101 Язык документа __
a Язык текста rus
a Язык текста eng
102 Страна публикации __
a Страна публикации RU
105 Кодированные данные (монография) __
a Кодированные данные (монография) y zzzz000zy
200 Заглавие и сведения об ответственности 1_
a Заглавие Пак с волшебных холмов
e Сведения, относящиеся к заглавию [для ср. шк. возраста]
b Общее обозначение материала Текст
210 Выходные данные __
a Место издания М.
c Издательство РИПОЛ КЛАССИК
d Дата издания 2010
215 Физическое описание __
a Объем 368 с.
c Иллюстрации/тип воспроизводства ил.
330 Аннотация __
a Аннотация Мудрый Пак рассказывает девочке Уне и мальчику Дану волшебные истории о феях и эльфах, императоре Максиме и герцоге Вильгельме и других исторических персонажах. Перевод сохранил все сказочное очарование оригинала, и книга станет открытием не только для детей, но и для взрослых.
606 Тематические рубрики __
a Основная рубрика Художественная литература
606 Тематические рубрики __
a Основная рубрика Литература Европы (произведения)
610 Ключевые слова __
a Ключевые слова английская литература; повести; сказки; детская литература; детская классическая литература; повести-сказки; сказки-повести; тема приключений; тема волшебства
686 Индексы других классификаций __
a Классификационный индекс ст84(4Вел)-4
700 Автор _1
a Фамилия Киплинг
b Имя Р.
f Даты 1865-1936
g Полное личное имя Редьярд
4 Код отношения 070
702 Вторичная интеллектуальная ответственность _1
a Фамилия Кружкова
b Имя Г. М.
4 Код отношения Переводчик
702 Вторичная интеллектуальная ответственность _1
a Фамилия Бородицкий
b Имя М. Я.
4 Код отношения Переводчик
702 Вторичная интеллектуальная ответственность _1
a Фамилия Любаев
b Имя С. В.
4 Код отношения Художник
801 Источник записи _0
a Страна RU
b Организация Муниципальное бюджетное учреждение культуры "Централизованная библиотечная система" г. Сургут (Центральная городская библиотека им. А. С. Пушкина)
c Дата составления 20040831
g Правила каталогизации КИК/Елгина
801 Источник записи _1
a Страна RU
b Организация Муниципальное бюджетное учреждение культуры "Централизованная библиотечная система" г. Сургут (Центральная городская библиотека им. А. С. Пушкина)
c Дата составления 20040831
g Правила каталогизации КИК/Елгина
852 Данные о местонахождении __
j Шифр хранения ст84(4Вел)-4
i Авторский знак К 42
901 Тип документа __
t Тип документа m
903 Характеристики (МАРС) __
a Дата передачи 20110628
990 Данные о заказе (DOS) __
j Количество экземпляров (DOS) 12
t N записи в КСУ для И/У (DOS) 201107